000 01256cam a22003135i 4500
001 010697894
003 EG-ScBUE
005 20250326093323.0
008 980511s1998 enka f b 001 0 eng d
020 _a0582302498
020 _a9780582302495
040 _aEG-ScBUE
_beng
_erda
_dEG-ScBUE
_cEG-ScBUE
082 0 4 _a526.9
_222
_bBAN
100 1 _aBannister, A.
_q(Arthur),
_eauthor.
245 1 0 _aSurveying /
_cA. Bannister, M.C., M.Sc., C.Eng., F.I.C.E., S. Raymond, M.Sc., Ph.D., Dip.T.P. (Manchester), C.Eng., F.I.C.E., M.R.T.P.I., F.I.H.T. (consulting engineer), R. Baker, M.Sc., Ph.D., C.Eng., M.I.C.E., M.C.I.W.E.M., (senior lecturer in civil and enviromental engineering, University of Salford).
250 _aSeventh edition.
264 1 _aHarlow :
_bPearson-Prentice Hall,
_c1998.
300 _ax, 502 pages :
_billustrations ;
_c24 cm
336 _2rdacontent
_atext
_btxt
337 _aunmediated
_2rdamedia
_bn
338 _avolume
_bnc
_2rdacarrier
504 _aIncludes bibliographical references and index.
650 7 _aSurveying.
_2BUEsh
_91035
653 _bGGEN
_cDecember2017
655 _vReading book
700 1 _aRaymond, S.
_q(Stanley),
_d1922-
_eauthor.
700 1 _aBaker, R.
_q(Raymond),
_d1956-
_eauthor
942 _2ddc
_cBB
999 _c25820
_d25792